Regional report (Record no. 81459)

MARC details
000 -LEADER
fixed length control field 00862cab a22001935a 4500
001 - CONTROL NUMBER
control field L147265
008 - FIXED-LENGTH DATA ELEMENTS--GENERAL INFORMATION
fixed length control field 090507e20090417xxkap f s 000 0 eng d
035 ## - SYSTEM CONTROL NUMBER
System control number (Sirsi) u147265
041 0# - LANGUAGE CODE
Language code of text/sound track or separate title eng
100 1# - MAIN ENTRY--PERSONAL NAME
Personal name Eade, Christine
245 00 - TITLE STATEMENT
Title Regional report
Remainder of title Oxfordshire
260 ## - PUBLICATION, DISTRIBUTION, ETC.
Date of publication, distribution, etc. 2009
490 #0 - SERIES STATEMENT
Series statement Property Week
Volume/sequential designation 75(16) 17 April 2009, 52-59(5)
520 ## - SUMMARY, ETC.
Summary, etc. Reviews news and deals from around the region. Reveals that Oxford continues to attract occupiers willing to pay prime rents for office space. Explains that the sheds market faces an uncertain future as occupiers relocate or close down. Reports that Oxford residents might be on the verge of victory in a campaign to buy up land along a canal wanted by housebuilders.
590 ## - LOCAL NOTE (RLIN)
Local note KA
651 #4 - SUBJECT ADDED ENTRY--GEOGRAPHIC NAME
Geographic name Oxfordshire
690 ## - LOCAL SUBJECT ADDED ENTRY--TOPICAL TERM (OCLC, RLIN)
Topical term or geographic name as entry element PROPERTY-COMMERCIAL PROPERTY-COMMERCIAL PROPERTY MARKET
942 ## - ADDED ENTRY ELEMENTS (KOHA)
Suppress in OPAC 0
Holdings
Withdrawn status Lost status Source of classification or shelving scheme Damaged status Not for loan Home library Current library Shelving location Date acquired Total Checkouts Full call number Barcode Date last seen Copy number Price effective from Koha item type
    Dewey Decimal Classification     London London Journal article 22/04/2009   L147265 147265-1001 06/08/2019 1 06/08/2019 Journal article